| 000 | 00574cam a2200217 4500 | ||
|---|---|---|---|
| 001 | 1779403 | ||
| 005 | 20180302033644.0 | ||
| 008 | 720315s1972 paua 001 0 eng | ||
| 010 | _a 77177299 | ||
| 020 | _a0700222960 | ||
| 040 |
_aDLC _cDLC _dICU _dDLC |
||
| 041 | _aeng | ||
| 080 | _a621.381 | ||
| 082 | 0 | 0 | _a621.381 LUE |
| 100 | 1 | _a27 | |
| 101 | _aMEK | ||
| 245 | 1 | 0 |
_aBasic electronics for engineers and scientists _c[by] Russell E. Lueg [and] Erwin A. Reinhard. |
| 350 | _a$14.00 | ||
| 906 |
_a7 _bcbc _corignew _d2 _encip _f19 _gy-gencatlg |
||
| 942 |
_2ddc _cBK |
||
| 999 |
_c43923 _d43923 |
||